| 000 | 00731nam a2200205Ii 4500 | ||
|---|---|---|---|
| 003 | JO-AjNU | ||
| 008 | 230605s9999||||xx |||||||||||||| ||und|| | ||
| 040 |
_aJO-AjNU _bara _erda _cJO-AjNU |
||
| 041 | _aara | ||
| 050 | 1 | 4 | _aTS155.K46 1988 |
| 100 | 3 |
_aالكيلاني ،علاء الدين , _eauthor _913172 |
|
| 245 | 0 | 0 | _aصيانة المعامل الميكانيكية والهربائية للمهندسين والفنين والطلبة |
| 250 | _aط1 | ||
| 264 | 3 | 1 | _aبغداد :مطبعة الديواني ،1988 |
| 300 |
_a180ص _bصور توضيحية |
||
| 336 |
_atext _btxt _2rdacontent |
||
| 337 |
_aunmediated _bn _2rdamedia |
||
| 338 |
_avolume _bnc _2rdacarrier |
||
| 650 | 4 |
_aصيانة المعامل _913173 |
|
| 999 |
_aA3208 _c6776 _d6776 |
||